000 00301nam a2200121Ia 4500
008 190216s9999||||xx |||||||||||||| ||und||
100 _aKesavadev P
245 0 _aKunchukurupinde Athmakatha
260 _bPoorna Pubs Kozhikode
300 _a62
650 _aMalayalam-Malayalam Biography
942 _cBK
999 _c27473
_d27473